000 00796nam a22002295i 4500
001 171636
003 ES-MaACL
005 20260115175403.0
008 090525s1958 sp |||| | cat d
080 _a929(Jaime (465.2) I)
080 _a946.52"1213/76"
100 1 _aSoldevila, Ferran.
_9107111
245 1 0 _aVida de Jaume I el Conqueridor /
_cFerran Soldevila.
260 _aBarcelona :
_bAedos,
_c[1958]
300 _a338 p., 1 h. de lám., XIV h. de lám. ;
_c22 cm.
490 1 _aBiblioteca Biográfica Catalana ;
_v14
600 1 4 _aJaime
_bI
_cRey de Aragón.
_965934
651 4 _aAragón (Reino)-
_xHistoria-
_y1213-1276, Jaime I.
_9140294
830 0 0 _aBiblioteca biográfica catalana
_v14
_9181786
852 _aES-MaACL
_jC-15738
_9R.43634
999 _c171636
_d171636